| 000 | 00619nam a2200169 4500 | ||
|---|---|---|---|
| 001 | 113968 | ||
| 003 | ES-MaACL | ||
| 005 | 20230906190039.0 | ||
| 007 | t| | ||
| 008 | 061121s1967 sp r ||||1| spa d | ||
| 100 | 1 |
_aPalma Rodríguez, Fermín. _988621 |
|
| 245 | 1 | 0 |
_aVida y obra del doctor Juan Gutiérrez de Godoy / _cFermín Palma Rodríguez. |
| 260 |
_aSalamanca : _bUniversidad, Seminario de Historia de la Medicina Española, _c1967. |
||
| 300 |
_a95 p. : _bil. ; _c24 cm. |
||
| 710 | 2 |
_aUniversidad de Salamanca. _bSeminario de Historia de la Medicina Española. _97291 |
|
| 852 |
_aES-MaACL _jC-46693 _bR.71007 |
||
| 999 |
_c113968 _d113968 |
||